Neviditelní. Prádelna duchů /
Citlivý komiksový příběh o dívce a jejím odhodlání bojovat, i když se zdá, že se proti ní spikl celý svět. Vypráví o odvaze, odpuštění a nepravděpodobném přátelství, které se může zrodit i mezi dvěma světy. První díl trilogie.
Uloženo v:
| Série: | Neviditelní,
část 1 |
|---|---|
| Hlavní autor: | |
| Další autoři: | |
| Médium: | Kniha |
| Jazyk: | Czech |
| Vydáno: |
Praha :
Centrala,
2026
|
| Vydání: | Vydání první |
| Edice: | Láska
|
| Témata: | |
| Celkem bylo vypůjčeno: | 0x |
| Příbuzné jednotky: | Z cyklu::
Neviditelní |
| Tagy: |
Žádné tagy |
| LEADER | 02726nam a2200493 i 4500 | ||
|---|---|---|---|
| 001 | 106683 | ||
| 003 | CZ PrSKC | ||
| 005 | 20260630151341.0 | ||
| 007 | ta | ||
| 008 | 260127s2026 xr a j 6 000 1 cze | ||
| 015 | |a cnb003723151 | ||
| 020 | |a 9788090953154 |q (brožováno) | ||
| 040 | |a ABG001 |b cze |e rda | ||
| 041 | 1 | |a cze |h eng | |
| 072 | 7 | |a 741.52 |x Komiksy. Komiksové adaptace |2 Konspekt |9 21 | |
| 072 | 7 | |a 821-93 |x Literatura pro děti a mládež (beletrie) |2 Konspekt |9 26 | |
| 080 | |a 741.52(0:82-322.9) |2 MRF | ||
| 080 | |a 821-93 |2 MRF | ||
| 100 | 1 | |a Thummler, Brenna |7 ola20241228613 |4 aut |9 117537 | |
| 240 | 1 | 0 | |a Sheets. |l Česky |
| 245 | 1 | 0 | |a Neviditelní. |p Prádelna duchů / |c Brenna Thummler ; překlad: Barbora Novotná |
| 246 | 3 | 0 | |a Prádelna duchů |
| 250 | |a Vydání první | ||
| 264 | 1 | |a Praha : |b Centrala, |c 2026 | |
| 300 | |a 244 stran : |b barevné ilustrace ; |c 22 cm | ||
| 336 | |a text |b txt |2 rdacontent | ||
| 336 | |a statický obraz |b sti |2 rdacontent | ||
| 337 | |a bez média |b n |2 rdamedia | ||
| 338 | |a svazek |b nc |2 rdacarrier | ||
| 490 | 1 | |a Láska | |
| 500 | |a Přeloženo z angličtiny | ||
| 520 | 2 | |a Citlivý komiksový příběh o dívce a jejím odhodlání bojovat, i když se zdá, že se proti ní spikl celý svět. Vypráví o odvaze, odpuštění a nepravděpodobném přátelství, které se může zrodit i mezi dvěma světy. První díl trilogie. |b Třináctiletá Marjorie Glancová si někdy připadá jako duch. Po smrti své matky vede rodinnou prádelnu, stará se o náročné zákazníky, přežívá ve škole a chrání rodinu před nekalými úmysly zákeřného pana Pucráta, který se snaží zničit vše, co pracně drží při životě. Wendell, chlapec, který zemřel příliš brzy - je skutečný duch. Jeho posmrtný život se točí kolem neúčinných terapií, prostěradla - jeho nové podoby těla, a touhy po zakázaném lidském světě. Když se jejich cesty zkříží, Wendell promění prádelnu Glanc ve své půlnoční hřiště, zatímco Marjorie čelí záhadným nehodám a postupně zjišťuje, že není jediná, kdo si připadá ztraceně. Nakladatelská anotace. Kráceno. | |
| 521 | 8 | |a Pro starší děti a mládež | |
| 655 | 7 | |a fantasy komiksy |7 fd1057473 |2 czenas | |
| 655 | 7 | |a publikace pro mládež |7 fd133157 |2 czenas |9 110 | |
| 655 | 9 | |a fantasy comics |2 eczenas | |
| 655 | 9 | |a juvenile literature |2 eczenas | |
| 700 | 1 | |a Novotná, Barbora, |d 1987- |7 mzk2012733092 |4 trl |9 117538 | |
| 787 | 0 | 8 | |i Z cyklu: |t Neviditelní |g 1 |
| 830 | 0 | |a Láska | |
| 910 | |a UOG502 | ||
| 942 | |2 ddc |c KN | ||
| 999 | |d 106683 | ||
| 993 | |0 0 |1 421180107408 |2 ddc |4 0 |7 0 |9 100186 |b 0 |c 107408 |d 2026-06-30 |e 0 |f M |h 599.00 |i Koupě |l M |r 2026-06-30 |t 8 |w 2026-06-30 |y KN |z KOMIKS |n | ||